000
00216 a2200097 4500
001
51502
100
_a
Govt of Pakistan
245
_a
Islamiat (Comp)
260
_a
Karachi
_b
Sh. Shaukat Ali
_c
090
_c
32626
_d
32626
942
_a
NUST-CAE
_c
M
_c
25143
999
_c
286575
_d
286575